000 00453nam a22001937a 4500
003 MPLRDC
005 20220104150212.0
008 210129b ||||| |||| 00| 0 eng d
020 _a962-14-0098-8
082 _a805.188 LL
100 _a林朗著
245 _a英文日常会话
_c
250 _a初版
260 _a
_b万里书店出版
_c1985
300 _b
490 _a实用英语自修丛书
650 _a
942 _cBK
_o805.188 LL
999 _c51744
_d51734